عرض عادي عرض مارك
  • عبد الهادي، عدلي محمد

مدخل إسم شخص

عدد التسجيلات المستخدمة في: 1

001 - رقم الضبط

  • حقل الضبط: 42738

003 - معرف رقم الضبط

  • حقل الضبط: OSt

005 - تاريخ ووقت أخر عملية

  • حقل الضبط: 20140204131328.0

008 - عناصر بيانات ثابتة الطول

  • حقل تحكم ثابت الطول: 140204|||a|||||| | ||| d

040 ## - مصدر الفهرسة

  • هيئة الفهرسة الأصلية: OSt
  • وكالة الكتابة: OSt

100 ## - مدخل -- أسم شخص

  • إسم شخص: عبد الهادي، عدلي محمد

670 ## - بيانات المصدر موجوده

  • الاستشهاد بالمصدر: Work cat.: (OSt): أعمر، بيان حسن. 42736, الكامل في برنامج أدوبي فلاش CS5 =, 2013